[Event "XXXIV Open"]
[Site "La Roda ESP"]
[Date "2007.04.06"]
[Round "4"]
[White "Gomez Roca,V"]
[Black "Castellanos,R"]
[Result "1/2-1/2"]
[WhiteElo "2141"]
[BlackElo "2471"]

1.e4 c5 2.Nf3 d6 3.Bb5+ Bd7 4.Bxd7+ Qxd7 5.d4 cxd4 6.Nxd4 Nf6 7.Nc3 g6 8.Bg5 Bg7
9.O-O Nc6 10.Nxc6 bxc6 11.f4 O-O 12.e5 Ne8 13.Ne4 f6 14.exf6 exf6 15.Bh4 f5
16.Ng5 Nf6 17.Re1 Rfe8 18.Rxe8+ Rxe8 19.Qd3 h6 20.Nf3 Ne4 21.Bf2 Nxf2 22.Kxf2 Re4
23.Re1 d5 24.g3 Bxb2 25.Qb3 Bg7 26.Qb8+ Kh7 27.Rb1 Re7 28.Qa8 Bf6 29.Rb8 Qe6
30.Ne5 Bxe5 31.fxe5 Qxe5 32.Rb7 Qe2+ 33.Kg1 Qd1+ 34.Kg2 Qxc2+ 35.Kh3 Qe4
36.Qxa7 Rxb7 37.Qxb7+ Kg8 38.Qc8+ Kg7 39.Qd7+ Kf6 40.Qxc6+ Kg7 41.Qd7+ Kf6
42.Qc6+  1/2-1/2

[Event "II Rapid"]
[Site "Canada de Calatrava ESP"]
[Date "2007.04.07"]
[Round "5"]
[White "Fressinet,L"]
[Black "Grischuk,A"]
[Result "1/2-1/2"]
[WhiteElo "2646"]
[BlackElo "2717"]

1.e4 c5 2.Nf3 d6 3.Bb5+ Bd7 4.Bxd7+ Qxd7 5.O-O Nf6 6.Qe2 Nc6 7.Rd1 g6 8.c3 Bg7
9.d4 cxd4 10.cxd4 d5 11.e5 Ne4 12.Ne1 h6 13.Nc3 Nxc3 14.bxc3 Rc8 15.Nd3 Nd8
16.Bd2 O-O 17.h4 h5 18.Qf3 Ne6 19.g4 hxg4 20.Qxg4 Nc5 21.Qxd7 Nxd7 22.Kf1 Kh7
23.Ke2 Bh6 24.h5 g5 25.Rab1 b6 26.Rg1 Rg8 27.Rg3 f5 28.Rbg1 f4 29.Rg4 Rg7
30.Nb4 Rd8 31.Nc6 Ra8 32.Nb4 Rd8 33.Nc6 Ra8 34.Nb4  1/2-1/2

[Event "8th ch-Euro"]
[Site "Dresden GER"]
[Date "2007.04.07"]
[Round "5"]
[White "Palac,M"]
[Black "Cheparinov,I"]
[Result "1/2-1/2"]
[WhiteElo "2571"]
[BlackElo "2640"]

1.e4 c5 2.Nf3 d6 3.Bb5+ Nc6 4.O-O Bd7 5.Re1 Nf6 6.h3 e6 7.c3 Ne5 8.Bxd7+ Qxd7
9.d4 Nxf3+ 10.Qxf3 cxd4 11.cxd4 d5 12.e5 Ne4 13.Qb3 Be7 14.Nd2 Nxd2 15.Bxd2 O-O
16.Rac1 Rfc8 17.g3 Bd8 18.Be3 b5 19.Rc5 a6 20.Rec1 Be7 21.R5c2 Rc4 22.Qd3 Rac8
23.b3 R4c6 24.Bd2 Ba3 25.Rxc6 Rxc6 26.Rxc6 Qxc6 27.Qc3 Qxc3 28.Bxc3 h5 29.Kg2 Bc1
30.h4 Kh7 31.f4 Kg6 32.Kf3 Ba3 33.Ba5 Kf5 34.Bb6 f6 35.Bc5 Bb2 36.Bb6 fxe5
37.fxe5 Ba3 38.Ba5 g5 39.hxg5 Kxg5 40.Bb6 Kf5  1/2-1/2

[Event "8th ch-Euro"]
[Site "Dresden GER"]
[Date "2007.04.07"]
[Round "5"]
[White "Becker,Mi1"]
[Black "Hunt,A"]
[Result "1-0"]
[WhiteElo "2313"]
[BlackElo "2461"]

1.e4 c5 2.Nf3 d6 3.Bb5+ Nc6 4.Bxc6+ bxc6 5.d3 g6 6.O-O Bg7 7.Nbd2 Nf6 8.e5 Nd5
9.exd6 exd6 10.Nc4 O-O 11.Bg5 f6 12.Bd2 Nc7 13.Na5 Qd7 14.c4 Rb8 15.Bc3 d5
16.d4 cxd4 17.Nxd4 c5 18.Ndc6 Rb6 19.cxd5 Kh8 20.Nc4 Nxd5 21.Nxa7 Qxa7 22.Qxd5 Ra6
23.Nd6 Bg4 24.Ne4 c4 25.Qxc4 Rc8 26.Nc5 Rxc5 27.Qxg4 Rxa2 28.Qe6  1-0

[Event "XXXIV Open"]
[Site "La Roda ESP"]
[Date "2007.04.07"]
[Round "6"]
[White "Velicka,P"]
[Black "Mateo,Ra"]
[Result "1-0"]
[WhiteElo "2504"]
[BlackElo "2448"]

1.e4 c5 2.Nf3 d6 3.Bb5+ Bd7 4.Bxd7+ Nxd7 5.O-O Ngf6 6.Qe2 e6 7.c4 Be7 8.d4 cxd4
9.Nxd4 O-O 10.Nc3 a6 11.b3 Qb8 12.Bb2 Bd8 13.Rad1 Re8 14.f4 Ba5 15.Kh1 Bxc3
16.Bxc3 Nc5 17.e5 dxe5 18.fxe5 Nfe4 19.Ba1 Qxe5 20.b4 Nd7 21.Nf5 exf5 22.Bxe5 Nxe5
23.Qh5 g6 24.Qh4 Nxc4 25.Rd7 b5 26.Kg1 Re6 27.g4 Ne3 28.Rd8+ Re8 29.Rxa8 Rxa8
30.gxf5 Re8 31.fxg6 hxg6 32.Re1 g5 33.Qh3 Nc4 34.Qd7 Re6 35.Qd8+ Kh7 36.Qf8 Kg6
37.Qg8+ Kh6 38.Qxf7 Rf6 39.Qe8  1-0

[Event "ch-DEN"]
[Site "Aalborg DEN"]
[Date "2007.04.08"]
[Round "9"]
[White "Jaksland,T"]
[Black "Pedersen,NicV"]
[Result "0-1"]
[WhiteElo "2297"]
[BlackElo "2466"]

1.e4 c5 2.Nf3 d6 3.Bb5+ Bd7 4.Bxd7+ Qxd7 5.c4 Nf6 6.Nc3 g6 7.d4 cxd4 8.Nxd4 Bg7
9.f3 O-O 10.Be3 Nc6 11.Nde2 e6 12.O-O Rfd8 13.Qd2 d5 14.cxd5 exd5 15.Rad1 dxe4
16.Qxd7 Rxd7 17.Rxd7 Nxd7 18.Nxe4 Re8 19.Bf2 Nf6 20.N2c3 Nxe4 21.Nxe4 f5
22.Nd6 Re2 23.Rb1 Bxb2 24.Nxb7 Ba3 25.Ra1 Be7 26.a4 Rb2 27.Nc5 Rxf2 28.Kxf2 Bxc5+
29.Ke2 Bb4 30.Rc1 Ne7 31.Kd3 a5 32.Kd4 Kf7 33.Ke5 g5 34.Rc7 Bd2 35.g3 h5
36.Rb7 Bc3+ 37.Kd6 Kf6 38.Kc5 h4 39.g4 Ke6 40.h3 Bb4+ 41.Kd4 Nc6+ 42.Kd3 Ne5+
43.Ke2 fxg4 44.fxg4 Ng6 45.Rb6+ Kf7 46.Rb7+ Ke8 47.Rb8+ Kd7 48.Rb5 Nf4+ 49.Kf3 Nxh3
50.Rf5 Ke6 51.Kg2 Nf4+ 52.Kf3 h3 53.Kg3 Bd2 54.Kh2 Nd5 55.Kxh3 Nb6 56.Rf2 Nc4
57.Rf5 Ne5 58.Rf2 Bb4 59.Rf5 Be7 60.Kg3 Kd5 61.Kh3 Kd4 62.Rf1 Kc4 63.Rf5 Nc6
64.Rb5 Bc5 65.Kg2 Be3 66.Kg3 Bd2 67.Kf2 Nd4 68.Rb8 Nb3 69.Ke2 Bf4 70.Re8 Nc5
71.Rc8 Kb4 72.Rf8 Kxa4 73.Kf3 Kb4  0-1

[Event "II Rapid"]
[Site "Canada de Calatrava ESP"]
[Date "2007.04.08"]
[Round "9"]
[White "Sadvakasov,D"]
[Black "Gelfand,B"]
[Result "0-1"]
[WhiteElo "2615"]
[BlackElo "2733"]

1.e4 c5 2.Nf3 d6 3.Bb5+ Nc6 4.O-O Bd7 5.Re1 Nf6 6.c3 a6 7.Bf1 Bg4 8.d3 e6
9.Nbd2 d5 10.h3 Bh5 11.Qe2 Qc7 12.a3 Be7 13.g4 Bg6 14.Nh4 dxe4 15.dxe4 Nd7
16.Ndf3 Bd6 17.Bg2 O-O-O 18.b4 Nde5 19.Nxe5 Bxe5 20.Bd2 Rd7 21.Rac1 Rhd8
22.Be3 Bh2+ 23.Kh1 Bf4 24.a4 Rd3 25.Qf3 Bxe3 26.Rxe3 Ne5 27.Qg3 cxb4 28.f4 Rxe3
29.Qxe3 Nd3 30.Rf1 bxc3  0-1

[Event "45th Doeberl Cup"]
[Site "Canberra AUS"]
[Date "2007.04.08"]
[Round "5"]
[White "Wallis,C"]
[Black "Toth,An1"]
[Result "1-0"]
[WhiteElo "2178"]
[BlackElo "2408"]

1.e4 c5 2.Nf3 d6 3.Bb5+ Bd7 4.Bxd7+ Qxd7 5.c4 Nf6 6.Nc3 Nc6 7.d4 cxd4 8.Nxd4 g6
9.Nde2 Bg7 10.f3 O-O 11.O-O Rfc8 12.Be3 Qd8 13.b3 Qa5 14.Qd2 a6 15.a4 Nd7
16.Rab1 Rab8 17.Rfd1 Kf8 18.Kh1 Qb4 19.Qc1 Qa5 20.Bh6 Nb4 21.Bxg7+ Kxg7 22.Qb2 Kg8
23.Qd2 Qc5 24.Nf4 Nf6 25.Nd3 Nxd3 26.Qxd3 h5 27.Qd4 b6 28.f4 Rb7 29.h3 Nd7
30.Qd3 Kf8 31.Qf3 Qc6 32.f5 Ne5 33.Qf4 Kg7 34.Nd5 Kh7 35.f6 exf6 36.Nxf6+ Kg7
37.Qg5 Rh8 38.Rd5 Rbb8 39.Rbd1  1-0

[Event "8th ch-Euro"]
[Site "Dresden GER"]
[Date "2007.04.08"]
[Round "6"]
[White "Orlov,And"]
[Black "Areshchenko,A"]
[Result "1/2-1/2"]
[WhiteElo "2447"]
[BlackElo "2644"]

1.e4 c5 2.Nf3 d6 3.Bb5+ Nc6 4.O-O Bd7 5.Re1 Nf6 6.c3 a6 7.Bxc6 Bxc6 8.d4 Bxe4
9.Bg5 Bc6 10.Bxf6 gxf6 11.d5 Bd7 12.Nbd2 Qc7 13.a4 O-O-O 14.b4 e6 15.Nc4 cxb4
16.cxb4 Kb8 17.Ne3 Rc8 18.b5 e5 19.bxa6 bxa6 20.Re2 Ka7 21.Rc2 Qd8 22.Rb1 Bh6
23.Rcb2 Qc7 24.Qd3 Rb8 25.Rxb8 Rxb8 26.Qxh7 Rxb1+ 27.Qxb1 Bxa4 28.h4 Bxe3
29.fxe3 Bc2 30.Qc1 Kb7 31.h5 Bh7 32.Qb2+ Qb6 33.Qf2 Kc7 34.Kh2 Kc8 35.Nh4 Qd8
36.Nf5 Qc7 37.Ng3 Qd8  1/2-1/2

[Event "XXXIV Open"]
[Site "La Roda ESP"]
[Date "2007.04.08"]
[Round "8"]
[White "Velicka,P"]
[Black "Suba,M"]
[Result "1/2-1/2"]
[WhiteElo "2504"]
[BlackElo "2537"]

1.e4 c5 2.Nf3 d6 3.Bb5+ Nd7 4.d4 Nf6 5.O-O cxd4 6.Qxd4 g6 7.e5 dxe5 8.Qxe5 Bg7
9.Re1 e6 10.Qd6 Qe7 11.Qxe7+ Kxe7 12.Bd2 Nd5 13.c4 Nc7 14.Bb4+ Ke8 15.Bc3 Bxc3
16.Nxc3 Ke7 17.Nd5+ Nxd5 18.cxd5 Nb6 19.dxe6 Bxe6 20.Ng5 Rac8 21.Nxe6 fxe6
22.Rac1 Rxc1 23.Rxc1 Rc8 24.Rxc8 Nxc8 25.Kf1 g5 26.Ke2 Nd6 27.Bd3 h6 28.Ke3  1/2-1/2

[Event "30th Open"]
[Site "San Sebastian ESP"]
[Date "2007.04.08"]
[Round "9"]
[White "Galarza Cenzano,I"]
[Black "Espin Laborde,J"]
[Result "1-0"]
[WhiteElo "1975"]
[BlackElo "1784"]

1.e4 c5 2.Nf3 d6 3.Bb5+ Bd7 4.Bxd7+ Qxd7 5.O-O Nc6 6.d3 e5 7.Nbd2 g6 8.a4 Bg7
9.Nc4 Nge7 10.c3 Rd8 11.Be3 O-O 12.a5 d5 13.exd5 Qxd5 14.Qe2 f5 15.Bg5 Qxd3
16.Qxd3 Rxd3 17.Bxe7 Nxe7 18.Nfxe5 Bxe5 19.Nxe5 Rd2 20.Nc4 Rd7 21.Rfd1 Rfd8
22.Rxd7 Rxd7 23.Kf1 Nc6 24.f4 Kf7 25.Re1 Re7 26.Nd6+ Kf6 27.Rxe7 Kxe7 28.Nxb7 c4
29.a6 Kd7 30.Ke2 Kc7 31.Ke3 Kb6 32.Nd6 Kc5 33.Ne8 Nb8 34.Nf6 h5 35.h3 Nxa6
36.Nd7+ Kd5 37.Nf8 Nc5 38.Nxg6 Na4 39.Ne7+ Kc5 40.Nxf5 Nxb2 41.Nd4 a5 42.g4 hxg4
43.hxg4 Nd1+ 44.Kd2 Nf2 45.g5 a4 46.Kc2 a3 47.g6 Ng4 48.g7 Nf6 49.Nf5 Ng8
50.Ne3 Kd6 51.Nxc4+ Ke6 52.Nxa3 Kf6 53.c4 Kxg7 54.c5 Ne7 55.Kd3 Kf6 56.Ke4 Ke6
57.Nb5 Kf6 58.Nd4 Nc8 59.Kd5 Ne7+ 60.Kd6  1-0

[Event "8th ch-Euro w"]
[Site "Dresden GER"]
[Date "2007.04.09"]
[Round "7"]
[White "Muzychuk,M"]
[Black "Sudakova,I"]
[Result "1/2-1/2"]
[WhiteElo "2293"]
[BlackElo "2371"]

1.e4 c5 2.Nf3 d6 3.Bb5+ Bd7 4.Bxd7+ Qxd7 5.O-O Nc6 6.c3 Nf6 7.Re1 g6 8.d4 Bg7
9.d5 Ne5 10.Nxe5 dxe5 11.Nd2 O-O 12.Nc4 Nh5 13.a4 e6 14.Ne3 Nf6 15.dxe6 Qxe6
16.Nd5 Nxd5 17.exd5 Qd6 18.c4 f5 19.Bd2 e4 20.Rb1 Be5 21.h3 Bd4 22.Be3 Qe5
23.Qd2 Rae8 24.Bf4 Qf6 25.Re2 Qa6 26.b3 Qf6 27.g3 b6  1/2-1/2

[Event "8th ch-Euro w"]
[Site "Dresden GER"]
[Date "2007.04.09"]
[Round "7"]
[White "Moser,E"]
[Black "Kosintseva,T"]
[Result "0-1"]
[WhiteElo "2405"]
[BlackElo "2459"]

1.e4 c5 2.Nf3 d6 3.Bb5+ Nc6 4.Bxc6+ bxc6 5.O-O e5 6.c3 Nf6 7.d4 exd4 8.cxd4 Nxe4
9.d5 Be7 10.Re1 Nf6 11.dxc6 O-O 12.Nc3 h6 13.Bf4 Be6 14.Qd2 Qc7 15.Rad1 Qxc6
16.Bxh6 gxh6 17.Qxh6 Nh7 18.Ne4 Rfe8 19.Re3 Bf8 20.Qh5 Bg7 21.Nfg5 Nxg5 22.Qxg5 Kf8
23.Rxd6 Qb7 24.Qxc5 Kg8 25.h4 Qxb2 26.Ng5 Rac8 27.Rc6 Bd5 28.Rxc8  0-1

[Event "Open"]
[Site "Sydney AUS"]
[Date "2007.04.10"]
[Round "1"]
[White "Schon,E"]
[Black "Toth,An1"]
[Result "0-1"]
[WhiteElo "1914"]
[BlackElo "2408"]

1.e4 c5 2.Nf3 d6 3.Bb5+ Bd7 4.Bxd7+ Nxd7 5.O-O Ngf6 6.Qe2 e6 7.b3 Be7 8.Bb2 O-O
9.d4 cxd4 10.Nxd4 a6 11.c4 Re8 12.Kh1 Qb6 13.Nd2 Bf8 14.Rad1 Qa5 15.a3 g6
16.f4 Bg7 17.b4 Qh5 18.Qxh5 Nxh5 19.g3 Rac8 20.Ba1 Nhf6 21.Rfe1 e5 22.N4f3 exf4
23.gxf4 Bh6 24.Ng5 Ng4 25.Nh3 Re6 26.Rc1 Rce8 27.Re2 Ndf6 28.Rce1 Nh5 29.Rf1 f5
30.Rg2 Ne3 31.exf5 Nxf5 32.Rgf2 Re2 33.Nb3 R2e3 34.Rf3 Nhg3+  0-1

[Event "Mercantile Bank 33rd ch-BAN"]
[Site "Dhaka BAN"]
[Date "2007.04.11"]
[Round "9"]
[White "Mohammad,Ali"]
[Black "Abu Sufian,S"]
[Result "1-0"]
[WhiteElo "2200"]
[BlackElo "2356"]

1.e4 c5 2.Nf3 d6 3.Bb5+ Bd7 4.Bxd7+ Qxd7 5.O-O Nc6 6.d4 cxd4 7.Nxd4 g6 8.b3 Bg7
9.Bb2 Nf6 10.Re1 O-O 11.c4 a6 12.Na3 Qc7 13.Nac2 e6 14.Nxc6 Qxc6 15.Qf3 Nd7
16.Bxg7 Kxg7 17.Rad1 b5 18.Qc3+ Kg8 19.Qb4 bxc4 20.Qxc4 Qxc4 21.bxc4 Ne5
22.Ne3 Rfc8 23.Rd4 g5 24.h4 gxh4 25.f4 Ng6 26.f5 Ne5 27.fxe6 fxe6 28.Rxd6 Kf7
29.Rb6 Ra7 30.Rf1+ Ke7 31.Rf4 Ng6 32.Rf2 Rc5 33.Ng4 Rxc4 34.Nf6 Rc1+ 35.Kh2 Ne5
36.Ng8+ Kd7 37.Nf6+ Ke7 38.Ng8+ Kd8 39.Rf8+ Kd7 40.Nf6+ Ke7 41.Re8+ Kxf6
42.Rexe6+ Kg5 43.Rxe5+ Kf4 44.Rh5 Kxe4 45.Rxh4+ Kd5 46.Rh5+ Kd4 47.Ra5 Rc2
48.Rh6 Rg7 49.Rh4+ Kc3 50.Rc5+ Kb2 51.Rxc2+ Kxc2 52.Ra4 Rg6 53.g4 Kd3 54.Kh3 Ke3
55.Kh4 Kf3 56.Kh5 Kg3 57.Rb4 Rc6 58.a4 a5 59.Rb5 Rc4 60.Rxa5 Rxg4 61.Rg5 Rxg5+
62.Kxg5 h5 63.a5 h4 64.a6 h3 65.a7  1-0

[Event "8th ch-Euro w"]
[Site "Dresden GER"]
[Date "2007.04.11"]
[Round "8"]
[White "Klinova,M"]
[Black "Daulyte,D"]
[Result "0-1"]
[WhiteElo "2330"]
[BlackElo "2224"]

1.e4 c5 2.Nf3 d6 3.Bb5+ Bd7 4.Bxd7+ Qxd7 5.c4 Nf6 6.Nc3 g6 7.d4 cxd4 8.Nxd4 Bg7
9.f3 O-O 10.Be3 Nc6 11.Rc1 e6 12.O-O a6 13.Qd2 Rac8 14.b3 Qe7 15.Rfd1 Rfd8
16.Nde2 Ne5 17.a4 Qc7 18.Qe1 Nfd7 19.Nd4 Nc5 20.Qe2 Nc6 21.Nxc6 bxc6 22.b4 Nb3
23.Rb1 Bxc3 24.Rxb3 Be5 25.f4 Bg7 26.a5 c5 27.Rbd3 Bf8 28.Qd2 Be7 29.bxc5 dxc5
30.Rd7 Qc6 31.e5 Qa4 32.Rxd8+ Rxd8 33.Qxd8+ Bxd8 34.Rxd8+ Kg7 35.Bxc5 g5
36.fxg5 Qa1+ 37.Kf2 Qxa5 38.Bf8+ Kg6 39.Be7 Qxe5 40.h3 Kf5 41.Bf6 Qc5+ 42.Kf3 Qc6+
43.Kf2 Qxc4 44.Rd4 Qc2+ 45.Kf3 Qc6+ 46.Kf2 e5 47.g4+ Ke6 48.Rd3 a5 49.Re3 Qc5
50.Kf3 a4 51.h4 a3 52.Bxe5 Qxe3+  0-1

[Event "1st Alexandr Buslaev Mem"]
[Site "Tbilisi GEO"]
[Date "2007.04.11"]
[Round "11"]
[White "Gurgenidze,B"]
[Black "Kashashvili,A"]
[Result "0-1"]
[WhiteElo "2182"]
[BlackElo "2306"]

1.Nf3 c5 2.e4 d6 3.Bb5+ Bd7 4.Bxd7+ Qxd7 5.c3 Nf6 6.d3 Nc6 7.Bg5 g6 8.Bxf6 exf6
9.O-O Bg7 10.d4 cxd4 11.cxd4 O-O 12.Nc3 f5 13.Re1 Rfe8 14.exf5 Qxf5 15.Qd2 h6
16.h3 Rac8 17.Rad1 Kh7 18.Rxe8 Rxe8 19.Qd3 Qxd3 20.Rxd3 a6 21.Kf1 f5 22.Re3 Rxe3
23.fxe3 g5 24.g4 Kg6 25.Ke2 h5 26.gxf5+ Kxf5 27.Nd5 g4 28.hxg4+ Kxg4 29.Nc3 Ne7
30.Ne4 d5 31.Nf2+ Kg3 32.Nh1+ Kg2 33.Nf2 Nf5 34.Ne1+ Kg3 35.Nh1+ Kh2 36.Nf2 Bh6
37.e4 dxe4 38.Nxe4 Nxd4+ 39.Kd3 Ne6 40.Ke2 Kh3 41.Nd6 b5 42.b3 Kg4 43.Ne4 h4
44.Nf2+ Kg3 45.Ne4+ Kf4 46.Nf2 Nd4+ 47.Kd3  0-1

[Event "Open"]
[Site "Sydney AUS"]
[Date "2007.04.12"]
[Round "4"]
[White "Wallis,C"]
[Black "Vlietstra,M"]
[Result "1-0"]
[WhiteElo "2178"]
[BlackElo "2022"]

1.e4 c5 2.Nf3 d6 3.Bb5+ Nd7 4.d4 cxd4 5.Qxd4 a6 6.Bxd7+ Bxd7 7.O-O e5 8.Qd3 Rc8
9.Nc3 Nf6 10.Bg5 Be7 11.Rfd1 O-O 12.Nxe5 Bb5 13.Nxb5 dxe5 14.Qg3 Qb6 15.Nd6 Rxc2
16.Be3 Qc7 17.Nf5 g6 18.Rac1 Rxc1 19.Rxc1 Qd7 20.Nh6+ Kg7 21.Qxe5 Rd8 22.g3 Bd6
23.Qc3 Qe6 24.Bd4 Be7 25.e5 Nd5 26.Qd2 Bg5 27.Qxg5 Rd7 28.Nf5+ Kg8 29.Rc8+  1-0

[Event "8th ch-Euro"]
[Site "Dresden GER"]
[Date "2007.04.13"]
[Round "10"]
[White "Maze,S"]
[Black "Agrest,E"]
[Result "1-0"]
[WhiteElo "2506"]
[BlackElo "2561"]

1.e4 c5 2.Nf3 d6 3.Bb5+ Bd7 4.Bxd7+ Qxd7 5.O-O Nf6 6.Re1 Nc6 7.c3 e6 8.d4 cxd4
9.cxd4 d5 10.e5 Ne4 11.Nbd2 Nxd2 12.Bxd2 Be7 13.Rc1 O-O 14.Rc3 Rfc8 15.a3 Bd6
16.h4 Ne7 17.Rd3 h6 18.h5 a5 19.Nh4 Nf5 20.Nxf5 exf5 21.Rf3 Rc4 22.Be3 Ra6
23.Qd3 a4 24.Bd2 Rac6 25.Bc3 Be7 26.Ra1 g6 27.Re1 Qe6 28.hxg6 fxg6 29.Rh3 Bg5
30.Bd2 Kg7 31.Bxg5 hxg5 32.Qd2 f4 33.Rc3 Qg4 34.f3 Qe6 35.Rxc4 Rxc4 36.Rc1 Rxc1+
37.Qxc1 Kh6 38.Qc5 g4 39.Qf8+ Kg5 40.g3  1-0

[Event "8th ch-Euro w"]
[Site "Dresden GER"]
[Date "2007.04.13"]
[Round "10"]
[White "Kulovana,E"]
[Black "Zdebskaja,N"]
[Result "1/2-1/2"]
[WhiteElo "2267"]
[BlackElo "2335"]

1.e4 c5 2.Nf3 d6 3.Bb5+ Nc6 4.Bxc6+ bxc6 5.O-O e5 6.c3 Bg4 7.h3 Bxf3 8.Qxf3 Nf6
9.Re1 Be7 10.d3 O-O 11.Nd2 Qc7 12.Nf1 d5 13.Ng3 g6 14.Bg5 Qd6 15.c4 d4 16.Rf1 Kg7
17.Qe2 Nd7 18.Bc1 Bh4 19.Qd2 Bxg3 20.Qh6+ Kg8 21.fxg3 f6 22.g4 Rf7 23.Qh4 g5
24.Qf2 h6 25.Qc2 Nf8 26.Bd2 Ng6 27.Rf3 Qe6 28.Raf1 Kg7 29.Bc1  1/2-1/2

[Event "8th ch-Euro"]
[Site "Dresden GER"]
[Date "2007.04.13"]
[Round "10"]
[White "Savickas,A"]
[Black "Hunt,A"]
[Result "1-0"]
[WhiteElo "2372"]
[BlackElo "2461"]

1.e4 c5 2.Nf3 d6 3.Bb5+ Nc6 4.c3 Nf6 5.Qe2 Bd7 6.d4 cxd4 7.cxd4 e5 8.dxe5 dxe5
9.O-O Qc7 10.Bg5 a6 11.Ba4 b5 12.Bb3 Bb4 13.Bxf6 gxf6 14.Nc3 Bxc3 15.bxc3 Ne7
16.Nh4 Ng6 17.Qh5 Bc6 18.Nxg6 fxg6 19.Qg4 Bd7 20.Qh4 Qb6 21.Qh6 O-O-O 22.c4 Be6
23.cxb5 Bxb3 24.axb3 axb5 25.Qg7 Kb8 26.Ra2 Rdg8 27.Qe7 Re8 28.Qb4 Rd8 29.Rfa1 Rhe8
30.h3 Rd4 31.Ra8+ Kb7 32.R1a7+ Qxa7 33.Rxa7+ Kxa7 34.Qa5+ Kb7 35.Qxb5+  1-0

[Event "Open"]
[Site "Sydney AUS"]
[Date "2007.04.13"]
[Round "7"]
[White "Schon,E"]
[Black "Munoz,Co"]
[Result "1/2-1/2"]
[WhiteElo "1914"]
[BlackElo "2117"]

1.e4 c5 2.Nf3 d6 3.Bb5+ Bd7 4.Bxd7+ Nxd7 5.O-O Ngf6 6.Qe2 Qc7 7.b3 e5 8.d3 g6
9.c4 Bg7 10.Nc3 a6 11.h3 O-O 12.Be3 Rab8 13.a4 b6 14.Qd2 Rb7 15.Nh2 h5 16.Rac1 Nb8
17.f4 exf4 18.Bxf4 Nbd7 19.Bh6 Kh7 20.Bxg7 Kxg7 21.Rf2 Qd8 22.Rcf1 Nh7 23.Nf3 Ne5
24.d4 Nxf3+ 25.Rxf3 Qg5 26.Qd3 h4 27.Nd5 cxd4 28.Qxd4+ Qe5 29.Qd3 Ng5 30.Rf4 Rh8
31.Nc3 Ne6 32.R4f2 Nd4 33.Rb1 Rh5 34.Rd2 Ne6 35.Ne2 Nc5 36.Qxd6 Nxe4 37.Qxe5+ Rxe5
38.Rc2 b5 39.cxb5 axb5 40.axb5 Rexb5 41.Rcb2 Rb4 42.Nc1 Nc5 43.Kf2 Re7 44.Re2 Reb7
45.Reb2 Rd7 46.Rc2 Rd5 47.Kf1 Ne4 48.Na2 Ng3+ 49.Kg1 Rf4 50.Nc3 Rdf5 51.Rcc1 g5
52.b4 Rf2 53.Re1 Rc2 54.Rbc1 Rb2 55.Rb1 Rc2 56.Rbc1 Rb2 57.Rb1 Rc2  1/2-1/2

[Event "8th ch-Euro w"]
[Site "Dresden GER"]
[Date "2007.04.14"]
[Round "11"]
[White "Atnilov,Be"]
[Black "Fakhiridou,E"]
[Result "1/2-1/2"]
[WhiteElo "2164"]
[BlackElo "2299"]

1.e4 c5 2.Nf3 d6 3.Bb5+ Nd7 4.d4 a6 5.Bxd7+ Bxd7 6.O-O cxd4 7.Qxd4 Bc6 8.c4 Nf6
9.Nc3 g6 10.e5 dxe5 11.Qxd8+ Rxd8 12.Nxe5 Bd7 13.Rd1 Bg7 14.Be3 Ne4 15.Nxe4 Bxe5
16.Bb6 Rc8 17.Rd5 f6 18.Rad1 Bc6 19.Rd8+ Kf7 20.Rxh8 Rxh8 21.Nc3 h5 22.Bd4 Bd6
23.Be3 g5 24.Ne2 Rd8 25.Rd2 Rc8 26.Nd4 Be8 27.Rc2 g4 28.Nf5 Be5 29.b3 Bc6
30.Rd2 Be4 31.Ng3 Bg6 32.Ne2 h4 33.Bf4 Bxf4 34.Nxf4 Bf5 35.Kf1 h3 36.g3 Be4
37.Rd4 Bf3 38.Rd3 Bc6 39.Nd5 f5 40.Ke2 e6 41.Nf4 Kf6 42.Kd2 Re8 43.Kc3 e5
44.Rd6+ Kf7 45.Nd5 Re6 46.Rxe6 Kxe6 47.Ne3 Bf3 48.b4 f4 49.Nf1 Kf5 50.a4 Bd1
51.a5 Ba4 52.b5 Bd1 53.c5  1/2-1/2

[Event "8th ch-Euro"]
[Site "Dresden GER"]
[Date "2007.04.14"]
[Round "11"]
[White "Wippermann,T"]
[Black "Loxine,J"]
[Result "1/2-1/2"]
[WhiteElo "2410"]
[BlackElo "2301"]

1.e4 c5 2.Nf3 d6 3.Bb5+ Bd7 4.Bxd7+ Qxd7 5.O-O e6 6.Qe2 Be7 7.d4 cxd4 8.Nxd4 Nf6
9.Nc3 Nc6 10.Rd1 O-O 11.Nf3 Qc8 12.Bf4 Rd8 13.Rd2 a6 14.Rad1 Qc7 15.e5 dxe5
16.Nxe5 Nxe5 17.Bxe5 Qc6 18.Rxd8+ Rxd8 19.Rxd8+ Bxd8 20.Qd3 Qd7 21.Qxd7 Nxd7
22.Bd4 e5 23.Be3 f5 24.f3 Kf7 25.Kf1 Ke6 26.Na4 b5 27.Nc3 Nb6 28.Ke2 Nd5
29.Nxd5 Kxd5 30.Kd3  1/2-1/2

[Event "8th ch-Euro"]
[Site "Dresden GER"]
[Date "2007.04.14"]
[Round "11"]
[White "Schlawin,M"]
[Black "Borriss,M"]
[Result "0-1"]
[WhiteElo "2306"]
[BlackElo "2463"]

1.e4 c5 2.Nf3 d6 3.Bb5+ Nd7 4.O-O Nf6 5.Re1 a6 6.Bf1 b6 7.d3 Bb7 8.Bg5 h6
9.Bh4 g6 10.Nbd2 Bg7 11.c3 Ne5 12.d4 Nxf3+ 13.Qxf3 cxd4 14.cxd4 O-O 15.Rad1 Rc8
16.Bd3 b5 17.Bb1 Qb6 18.Qd3 e6 19.f3 Nh5 20.Bf2 Qd8 21.g3 Nf6 22.h4 h5 23.Be3 Re8
24.b4 Re7 25.Nb3 Rec7 26.Rc1 Nd7 27.f4 f5 28.d5 Nf6 29.Rxc7 Qxc7 30.Rc1 Qd8
31.Rxc8 Qxc8 32.exf5 exf5 33.Bd4 Nxd5 34.Bxg7 Kxg7 35.Bc2 Nxb4 36.Qd4+ Kh7
37.Qxd6 Qc6 38.Qxc6 Bxc6 39.Bb1 Bd5 40.Kf2 Bxb3 41.axb3 Nd5 42.Ke1 Kg7 43.Kd2 Kf6
44.Kd3 Ke6 45.Kd4 Kd6 46.Bd3 Ne7 47.Kc3 Nc6 48.b4 Ne7 49.Be2 Nd5+ 50.Kb3 Nf6
51.Bf3 Ne4 52.Bxe4 fxe4 53.Kc3 Kd5 54.Kd2 Kd4 55.Ke2 e3 56.Kd1 Kd3 57.Ke1  0-1

[Event "8th ch-Euro T/B Qualification"]
[Site "Dresden GER"]
[Date "2007.04.15"]
[Round "1.2"]
[White "Bologan,V"]
[Black "Roiz,M"]
[Result "0-1"]
[WhiteElo "2636"]
[BlackElo "2605"]

1.e4 c5 2.Nf3 d6 3.Bb5+ Nd7 4.O-O Nf6 5.Re1 a6 6.Bf1 b6 7.d4 cxd4 8.Nxd4 Bb7
9.c4 e6 10.Nc3 Be7 11.a4 O-O 12.a5 bxa5 13.Nb3 Rb8 14.Nxa5 Ba8 15.Qc2 Re8
16.Bd2 Qc7 17.Bf4 Ne5 18.h3 Nfd7 19.Be3 Nc5 20.Bd2 Bf6 21.Na4 Nxa4 22.Qxa4 Nd7
23.Nb3 Bxb2 24.Rab1 Bc6 25.Qa2 Be5 26.Qxa6 Nf6 27.Ba5 Qd7 28.Nd2 Bd4 29.c5 Ra8
30.Qd3 dxc5 31.Nc4 Bb5 32.Bc3 Ra4 33.Bxd4 Bxc4 34.Qc2 Bxf1 35.Bxf6 Bd3 36.Qxc5 gxf6
37.Rbd1 Rd4 38.Qh5 Rd8 39.Qh4 Qe7 40.Re3 Kh8 41.Ra1 R4d7 42.Qh6 Qf8 43.Qh4 f5
44.e5 Rd4 45.Qh5 f4 46.Ree1 Qg7 47.Ra7 Be4 48.Rxe4 Rxe4 49.Rxf7 Qg6 50.Qh4 Rd1+
51.Kh2 Qxf7  0-1

[Event "Open"]
[Site "Metz FRA"]
[Date "2007.04.15"]
[Round "2"]
[White "Kasparova,T"]
[Black "Kosten,A"]
[Result "0-1"]
[WhiteElo "2218"]
[BlackElo "2517"]

1.e4 c5 2.Nf3 d6 3.Bb5+ Nc6 4.Bxc6+ bxc6 5.O-O e5 6.c3 f5 7.exf5 Bxf5 8.d4 e4
9.Ne1 d5 10.Nc2 Nf6 11.Ne3 Bg6 12.b3 Bd6 13.Ba3 Qc7 14.h3 cxd4 15.Bxd6 Qxd6
16.cxd4 O-O 17.Nc3 Nh5 18.Ne2 Rae8 19.Qc2 Re6 20.Qc5 Nf4 21.Nxf4 Qxf4 22.Qxa7 Bh5
23.Rae1 Rg6 24.Qe7 Bf3 25.Qe5 Qh4 26.Kh2 h6 27.g3 Qd8 28.Ng2 Rgf6 29.g4 Re8
30.Qh5 Kh7 31.Ne3 Ref8 32.Kg1 Rf4 33.Kh2 Qf6 34.Qe5 Qh4 35.Nf5 R8xf5 36.gxf5 Rg4
37.Qg3 Rxg3 38.fxg3 Qf6  0-1

[Event "Reykjavik International"]
[Site "Reykjavik ISL"]
[Date "2007.04.17"]
[Round "7"]
[White "Bjornsson,T"]
[Black "Thorfinnsson,Br"]
[Result "0-1"]
[WhiteElo "2204"]
[BlackElo "2384"]

1.e4 c5 2.Nf3 d6 3.Bb5+ Bd7 4.Bxd7+ Nxd7 5.c3 Ngf6 6.Qe2 e6 7.O-O Be7 8.d4 O-O
9.Nbd2 cxd4 10.cxd4 Rc8 11.b3 Qa5 12.e5 dxe5 13.dxe5 Nd5 14.Nc4 Qa6 15.Qe4 b5
16.Ne3 Nc3 17.Qg4 Ne2+ 18.Kh1 Nxc1 19.Raxc1 Rxc1 20.Rxc1 Qxa2 21.Nd4 Nxe5
22.Qg3 Bf6 23.Nxb5 Qxb3 24.Ng4 Qxg3 25.Nxf6+ gxf6 26.hxg3 a6 27.Nd6 Rd8 28.Nb7 Rd7
29.Na5 Rd2 30.f3 Ra2 31.Rc5 Kg7 32.Nb7 Rd2 33.g4 Kg6 34.Rc8 Kg7 35.Ra8 Ra2
36.Nd6 a5 37.Ne8+ Kg6 38.Nd6 h6 39.Ne4 Kg7 40.Ng3 f5 41.gxf5 exf5 42.Ra6 f4
43.Nf5+ Kh7 44.Rxh6+ Kg8 45.Ne7+ Kf8 46.Nf5 Ng6 47.Nh4 Ne5 48.Nf5 Ke8 49.Ng7+ Kd7
50.Rf6 a4 51.Rxf4 a3 52.Ra4 Kc6 53.Nf5 Kb5 54.Ra7 Nc4 55.Rb7+ Kc6 56.Ra7 Rd2
57.Ne3 Nxe3 58.Rxa3 Nxg2 59.Ra7 f5 60.Kh2 f4 61.Kh3 Ne3 62.Ra4 Nd5 63.Kg4 Kc5
64.Ra5+ Kd4 65.Ra4+ Ke5 66.Re4+ Kf6 67.Ra4 Rg2+ 68.Kh4 Ke5 69.Ra3 Rc2 70.Ra8 Rc7
71.Re8+ Re7 72.Rf8 Kd4 73.Ra8 Rg7 74.Ra4+ Ke5 75.Ra3 Rg3 76.Rb3 Kd4 77.Ra3 Ne3
78.Ra4+ Nc4 79.Ra8 Rxf3 80.Rd8+ Ke4 81.Re8+ Ne5 82.Kg5 Rg3+ 83.Kf6 Rg6+  0-1

[Event "Chess Classic Open"]
[Site "Gausdal NOR"]
[Date "2007.04.18"]
[Round "1"]
[White "Oral,T"]
[Black "Mikkelsen,N"]
[Result "1-0"]
[WhiteElo "2543"]
[BlackElo "2294"]

1.e4 c5 2.Nf3 d6 3.Bb5+ Bd7 4.Bxd7+ Qxd7 5.c4 Nc6 6.d4 cxd4 7.Nxd4 Nf6 8.Nc3 g6
9.O-O Bg7 10.Nde2 O-O 11.f3 e6 12.Bg5 h6 13.Be3 Rad8 14.Qc1 Kh7 15.Rd1 Qe7
16.Kh1 Rfe8 17.Nf4 g5 18.Nd3 d5 19.Bc5 Qc7 20.Nb5 Qb8 21.cxd5 exd5 22.e5 Nxe5
23.Bxa7 Nxd3 24.Qc2 Qf4 25.Qxd3+ Kg8 26.Bd4 Re6 27.Nc3 Ng4 28.fxg4 Bxd4 29.Ne2 Rxe2
30.Qxe2 Bg7 31.Rf1 Qb4 32.Rad1 Qxb2 33.Qxb2 Bxb2 34.Rb1 Bd4 35.Rxb7 Ra8 36.Rbxf7 Rxa2
37.Rd7 Ra5 38.Rc1 Bc3 39.h4 d4 40.Rb1 Ra1 41.Rxa1 Bxa1 42.h5  1-0

[Event "Open"]
[Site "Metz FRA"]
[Date "2007.04.18"]
[Round "5"]
[White "Boidman,Y"]
[Black "Savchenko,S"]
[Result "1/2-1/2"]
[WhiteElo "2438"]
[BlackElo "2545"]

1.e4 c5 2.Nf3 d6 3.Bb5+ Bd7 4.Bxd7+ Qxd7 5.c4 Nf6 6.Nc3 g6 7.d4 cxd4 8.Nxd4 Bg7
9.O-O O-O 10.f3 Rc8 11.b3 d5 12.exd5 Nxd5 13.Nxd5 e6 14.Bh6 exd5 15.Bxg7 Kxg7
16.Nb5 dxc4 17.Nd6 Rd8 18.Nxb7 Qxd1 19.Raxd1 Rxd1 20.Rxd1 cxb3 21.axb3 Nc6
22.Rd7  1/2-1/2